1234 1683 1143 1378 1870 1015 1636 1654 1588 1381 1930 1811 1436 1088 1156 1695 1419 1673 1347 1939 1692 1819 1579 1229 1874 1989 1930 1497 1332 1308 1545 1880 1380 1527 1604 1946 1418 1623 1237 1163 1462 1915 1950 1758 1997 1770 1068 1505 1201 1176 1497 1100 1887 1912 1575 1234 1226 1429 1560 1458 1253 1096 1878 1770 1634 1885 1069 1044 1707 1079 1030 1320 1462 1434 1937 1577 1120 1511 1276 1077 1227 1039 1946 1252 1040 1936 1644 1328 1003 1127 1654 1130 1379 1772 1922 1565 1811 1445 1688 BCNSPRNW ULIB Ver.6.0+V

เปลี่ยนเป็นภาษาไทย

Change to English
 แสดงรายละเอียดบรรณานุกรม
  กลับหน้าหลัก

Brief Record : Get Marc (ISO 2709) : E-mail record : QR code < ปิดหน้าต่าง
LEADER : 00000nam 2200000uu 4500
001    13399120750
003     ULIB
008    121008s||||||||th 000 0 tha d
020    9786117010316
099    นว.^bค472ห
245 00 หอบหัวใจใส่ครีม
945    ^p189^l0^i026033
999    ^aวรรณษา ชูชัยมงคล
รายการนี้ยังไม่มีแท็ก
คุณยังไม่ได้ล็อกอิน คุณสามารถมีกิจกรรมร่วมกับเว็บไซต์ได้ แต่ต้องล็อกอินก่อน ::
  ล็อกอิน

รายการสื่อสารสนเทศ

ลำดับที่ ประเภท เลขเรียก/บาร์โค้ด สถานที่ สถานะ
1. วิทยาศาสตร์การแพทย์ และสุขภาพ
วิทยาศาสตร์การแพทย์ และสุขภาพ
นว. ค472ห  
  Barcode: 026033
ห้องสมุดวิทยาเขตสวรรค์ประชารักษ์
►หนังสือทั่วไป
บนชั้น

BibComment


ยังไม่เคยถูกคอมเมนท์

คอมเมนท์ทรัพยากรรายการนี้
  คอมเมนท์: หอบหัวใจใส่ครีม


 Copyright 2026. Bcnsprnw @Library